| 000 | 00758nam a2200265 a 4500 | ||
|---|---|---|---|
| 001 | 76463 | ||
| 003 | BD-RjUL | ||
| 005 | 20211209082840.0 | ||
| 008 | 191210r19481940nyu 000 0 eng | ||
| 035 | _a(BD-RjUL)76684 | ||
| 035 | _a(OCoLC)336055 | ||
| 040 |
_aDLC _cODaWU _dOCoLC _dDLC _dBD-RjUL _beng |
||
| 041 | _aeng | ||
| 042 | _apremarc | ||
| 082 |
_223 _a808.87 _bMET 1948 |
||
| 100 | 1 |
_aMeiers, Mildred. _9236195 |
|
| 245 | 1 | 0 |
_aThesaurus of humor / _cby Mildred Meiers and Jack Knapp. |
| 260 |
_aNew York : _bCrown Publishers _cc1940 [priting 1948] |
||
| 300 |
_axviii p., 1 l., 21-605 p.; _c24 cm. |
||
| 650 | 0 |
_aWit and humor. _9236196 |
|
| 700 | 1 |
_aKnapp, Jack. _9236198 |
|
| 942 |
_2ddc _cBK |
||
| 999 |
_c76463 _d76463 |
||